| 000 | 00439nam a2200157Ia 4500 | ||
|---|---|---|---|
| 008 | 160316s1994 xxu||||| |||| 00| 0 eng d | ||
| 082 |
_a340.070000 _bLEB-1 |
||
| 100 | _aLe Brun Marlene | ||
| 245 | _aThe quiet (R)evolution : Improving student learning in law | ||
| 250 | _a | ||
| 260 |
_aMelborne _bLaw Book Co _c1994 |
||
| 300 |
_a412p _b _c |
||
| 365 | _bGratis | ||
| 650 | _a1. Law - Study and Teaching | ||
| 700 |
_aJohnstone Richard _a |
||
| 999 |
_c11964 _d11964 |
||